<?xml version="1.0" encoding="UTF-8"?>
<collection xmlns="http://www.loc.gov/MARC21/slim">
 <record>
  <leader>04552nam a2200289 a 4500</leader>
  <controlfield tag="001">1/49418</controlfield>
  <controlfield tag="008">200720s2019    gr       b    000 0 gre  </controlfield>
  <datafield tag="020" ind1=" " ind2=" ">
   <subfield code="a">9786185131623</subfield>
  </datafield>
  <datafield tag="035" ind1=" " ind2=" ">
   <subfield code="l">52425</subfield>
  </datafield>
  <datafield tag="040" ind1=" " ind2=" ">
   <subfield code="a">GR-PeUP</subfield>
  </datafield>
  <datafield tag="082" ind1="0" ind2="0">
   <subfield code="a">657.48 ΒΑΣ</subfield>
  </datafield>
  <datafield tag="100" ind1="1" ind2=" ">
   <subfield code="a">Βασιλείου, Δημήτριος Κ.</subfield>
  </datafield>
  <datafield tag="245" ind1="1" ind2="0">
   <subfield code="a">Αρχές χρηματοοικονομικής λογιστικής, χρηματοοικονομική ανάλυση και λήψη αποφάσεων /</subfield>
   <subfield code="c">Δημήτριος Βασιλείου, Νικόλαος Ηρειώτης, Δημήτριος Μπάλιος.</subfield>
  </datafield>
  <datafield tag="260" ind1=" " ind2=" ">
   <subfield code="a">Αθήνα :</subfield>
   <subfield code="b">Rosili,</subfield>
   <subfield code="c">2019.</subfield>
  </datafield>
  <datafield tag="300" ind1=" " ind2=" ">
   <subfield code="a">878 σ. ;</subfield>
   <subfield code="c">23 εκ.</subfield>
  </datafield>
  <datafield tag="500" ind1=" " ind2=" ">
   <subfield code="a">Περιεχόμενα: Βιογραφικό συγγραφικής ομάδας -- Πρόλογος -- Κεφάλαιο 1. Εισαγωγικές έννοιες λογιστικής -- Κεφάλαιο 2. Εισαγωγή στις λογιστικές (χρηματοοικονομικές καταστάσεις και στους λογαριασμούς) -- Κεφάλαιο 3. Ισολογισμός -- Κεφάλαιο 4. Κατάσταση αποτελεσμάτων -- Κεφάλαιο 5. Λογιστικό γεγονός και λογιστικά στοιχεία -- Κεφάλαιο 6. Η επίδραση των λογιστικών γεγονότων στις λογιστικές (χρηματοοικονομικές) καταστάσεις -- Κεφάλαιο 7. Διπλογραφικό σύστημα και λογιστικά βιβλία -- Κεφάλαιο 8. Εφαρμογές διπλογραφικού συστήματος -- Κεφάλαιο 9. Λογιστικό κύκλωμα -- Κεφάλαιο 10. Απογραφή -- Κεφάλαιο 11. Εγγραφές προσαρμογής (τακτοποίησης) -- Κεφάλαιο 12. Εγγραφές προσδιορισμού λογιστικού αποτελέσματος -- Κεφάλαιο 13. Κλείσιμο λογιστικών βιβλίων &amp; σύνταξη λογιστικών καταστάσεων -- Κεφάλαιο 14. Λογιστικά σφάλματα -- Κεφάλαιο 15. Εφαρμογές λογιστικών κυκλωμάτων -- Κεφάλαιο 16. Έννοια &amp; σκοπός της χρηματοοικονομικής ανάλυσης -- Κεφάλαιο 17. Μέθοδοι αναλύσεως των λογιστικών καταστάσεων -- Κεφάλαιο 18. Ανάλυση λογιστικών καταστάσεων με αριθμοδείκτες -- Κεφάλαιο 19. Εγγραφές προσαρμογής (τακτοποίησης) -- Κεφάλαιο 20. Ανάλυση δραστηριότητας -- Κεφάλαιο 21. Ανάλυση αποδοτικότητας -- Κεφάλαιο 22. Ανάλυση διαρθρώσεως κεφαλαίων και βιωσιμότητας -- Κεφάλαιο 23. Ανάλυση αποτίμησης - επενδυτικοί αριθμοδείκτες -- Κεφάλαιο 24. Ανάλυση δαπανών λειτουργίας -- Κεφάλαιο 25. Μελέτη περίπτωσης -- Κεφάλαιο 26. Ανάλυση νεκρού σημείου -- Κεφάλαιο 27. Κατάσταση ταμειακών ροών -- Κεφάλαιο 28. Αναμόρφωση λογιστικών καταστάσεων -- Κεφάλαιο 29. Χρηματοοικονομική ανάλυση τράπεζας -- Κεφάλαιο 30. Λογαριασμοί - τυπολόγιο αριθμοδεικτών.</subfield>
  </datafield>
  <datafield tag="504" ind1=" " ind2=" ">
   <subfield code="a">Περιέχει βιβλιογραφικές παραπομπές.</subfield>
  </datafield>
  <datafield tag="650" ind1=" " ind2="4">
   <subfield code="a">Χρηματοοικονομική λογιστική.</subfield>
  </datafield>
  <datafield tag="650" ind1=" " ind2="4">
   <subfield code="a">Accounting.</subfield>
  </datafield>
  <datafield tag="650" ind1=" " ind2="4">
   <subfield code="a">Finance</subfield>
   <subfield code="x">Mathematical models.</subfield>
  </datafield>
  <datafield tag="650" ind1=" " ind2="4">
   <subfield code="a">Finance</subfield>
   <subfield code="x">Decision making.</subfield>
  </datafield>
  <datafield tag="650" ind1=" " ind2="4">
   <subfield code="a">Λογιστική.</subfield>
  </datafield>
  <datafield tag="650" ind1=" " ind2="4">
   <subfield code="a">Χρηματοοικονομική μηχανική</subfield>
   <subfield code="x">Μαθηματικά μοντέλα.</subfield>
  </datafield>
  <datafield tag="700" ind1="1" ind2=" ">
   <subfield code="a">Ηρειώτης, Νικόλαος.</subfield>
  </datafield>
  <datafield tag="700" ind1="1" ind2=" ">
   <subfield code="a">Μπάλιος, Δημήτριος.</subfield>
  </datafield>
  <datafield tag="852" ind1=" " ind2=" ">
   <subfield code="a">INST</subfield>
   <subfield code="b">UNIPILB</subfield>
   <subfield code="c">MAIN</subfield>
   <subfield code="e">20200720</subfield>
   <subfield code="h">657.48 ΒΑΣ</subfield>
   <subfield code="p">00183506</subfield>
   <subfield code="q">00183506</subfield>
   <subfield code="t">LOAN</subfield>
   <subfield code="y">4</subfield>
   <subfield code="x">20220403</subfield>
   <subfield code="4">2</subfield>
  </datafield>
  <datafield tag="852" ind1=" " ind2=" ">
   <subfield code="a">INST</subfield>
   <subfield code="b">UNIPILB</subfield>
   <subfield code="c">MAIN</subfield>
   <subfield code="e">20200720</subfield>
   <subfield code="h">657.48 ΒΑΣ</subfield>
   <subfield code="p">00183507</subfield>
   <subfield code="q">00183507</subfield>
   <subfield code="t">LOAN</subfield>
   <subfield code="y">0</subfield>
   <subfield code="4">1</subfield>
  </datafield>
 </record>
</collection>
